Secretly smitten #2 [Large Print] / [Large Print] ... Read More
Available copies
- 1 of 1 copy available at LARL/NWRL Consortium.
- 1 of 1 copy available at Lake Agassiz Regional Library. (Show preferred library)
Current holds
0 current holds with 1 total copy.
Show Only Available Copies
| Location | Call Number / Copy Notes | Barcode | Shelving Location | Status | Due Date |
|---|---|---|---|---|---|
| Moorhead Public Library | LARGE PRINT C SEC (Text) | 33500011577129 | Main | Available | - |
Record details
- ISBN: 9781410459565 (hbk. : lg. print)
- ISBN: 141045956X (hbk. : lg. print)
- Physical Description: 509 pages (large print) ; 23 cm.
- Edition: Large Print edition.
- Publisher: Detroit : Thorndike Press, A part of Gale, Cengage Learning, 2013.
Content descriptions
| General Note: | Copyright date 2012. |
| Formatted Contents Note: | Love between the lines / by Colleen Coble -- Make ... Read More |
| Summary, etc.: | There's a secret in Grandma Rose's attic -- a ... Read More |
Search for related items by subject
| Subject: | Love stories. Large type books. |
| Genre: | Love stories. Christian fiction. Large type books. |
Search for related items by series
| LDR | 02612cam a2200493 i 4500 | ||
|---|---|---|---|
| 001 | 157424 | ||
| 003 | LARL_NWRL_CONSORTIUM | ||
| 005 | 20131007110827.0 | ||
| 008 | 130405s2013 miu d 000 1 eng | ||
| 010 | . | ‡a2013011396 | |
| 020 | . | ‡a9781410459565 (hbk. : lg. print) | |
| 020 | . | ‡a141045956X (hbk. : lg. print) | |
| 035 | . | ‡a(OCoLC)836557653 | |
| 040 | . | ‡aDLC ‡erda ‡beng ‡cDLC ‡dIG# ‡dOCLCO ‡dYDXCP ‡dBTCTA ‡dZGY ‡dNDS ‡dOCP ‡dOCLCO | |
| 043 | . | ‡an-us-vt | |
| 050 | 1 | 0. | ‡aPS648.L6 ‡bS44 2013 |
| 082 | 0 | 0. | ‡a813/.08508 ‡223 |
| 100 | 1 | . | ‡aCoble, Colleen. ‡0(LARL_NWRL_CONSORTIUM)129407 |
| 245 | 1 | 0. | ‡aSecretly smitten ‡n#2 ‡n[Large Print] / ‡h[Large Print] ‡cColleen Coble, Kristin Billerbeck, Denise Hunter, and Diann Hunt. |
| 250 | . | ‡aLarge Print edition. | |
| 260 | . | ‡aDetroit : ‡bThorndike Press, A part of Gale, Cengage Learning, ‡c2013. | |
| 300 | . | ‡a509 pages (large print) ; ‡c23 cm. | |
| 336 | . | ‡atext ‡2rdacontent | |
| 337 | . | ‡aunmediated ‡2rdamedia | |
| 338 | . | ‡avolume ‡2rdacarrier | |
| 490 | 0 | . | ‡aSmitten ; ‡v#2 |
| 500 | . | ‡aCopyright date 2012. | |
| 505 | 0 | . | ‡aLove between the lines / by Colleen Coble -- Make me a match / by Kristin Billerbeck -- Knit one, love two / by Diann Hunt -- Love blooms / by Denise Hunter. |
| 520 | . | ‡aThere's a secret in Grandma Rose's attic -- a forgotten set of dog tags belonging to her first love. But David Hutchins was killed in action and never returned to Smitten, Vermont. How did the dog tags end up in the attic? The mystery intrigues Rose's three granddaughters -- Tess, Clare, and Zoe -- and they decide to investigate, though their mother, Anna, warns them against meddling. But as the seasons turn and the mystery unravels, the three young women and their mother encounter some intriguing mystery men of their own. Has a sixty-year-old puzzle sparked something new for this close-knit family of women? | |
| 650 | 0. | ‡aLove stories. ‡0(LARL_NWRL_CONSORTIUM)24834 | |
| 650 | 0. | ‡aLarge type books. ‡0(LARL_NWRL_CONSORTIUM)24284 | |
| 655 | 7. | ‡aLove stories. ‡2gsafd | |
| 655 | 7. | ‡aChristian fiction. ‡2gsafd | |
| 655 | 0. | ‡aLarge type books. | |
| 700 | 1 | . | ‡aCoble, Colleen. ‡tLove between the lines. |
| 700 | 1 | . | ‡aBillerbeck, Kristin. ‡tMake me a match. |
| 700 | 1 | . | ‡aHunter, Denise, ‡d1968- ‡tKnit one, love two. |
| 700 | 1 | . | ‡aHunt, Diann. ‡tLove blooms. |
| 948 | . | ‡hNO HOLDINGS IN LAL - 170 OTHER HOLDINGS | |
| 994 | . | ‡aZ0 ‡bLAL | |
| 901 | . | ‡a157424 ‡bOCLC ‡c157424 ‡tbiblio | |

Add to basket
Permalink
Disable Highlighting